| 000 | 00719cam a22002413a 4500 | ||
|---|---|---|---|
| 001 | 10333 | ||
| 003 | PGUSA | ||
| 005 | 20140828083223.0 | ||
| 008 | 031101s2003||||xxu|||||s|||||000 | eng d | ||
| 040 |
_aPGUSA _beng |
||
| 042 | _adc | ||
| 050 | 4 | _aD501 | |
| 100 | 1 |
_aDickinson, G. Lowes _q(Goldsworthy Lowes), _d1862-1932 |
|
| 245 | 1 | 4 |
_aThe European Anarchy _h[electronic resource] / _cG. Lowes Dickinson |
| 260 |
_bProject Gutenberg, _c2003 |
||
| 506 | _aPublic domain in the USA. | ||
| 516 | _aElectronic text | ||
| 653 | _aEurope -- Politics and government | ||
| 653 | _aWorld War, 1914-1918 -- Causes | ||
| 830 | 0 |
_aProject Gutenberg _v10333 |
|
| 856 | 4 | 0 | _uhttp://www.gutenberg.org/ebooks/10333 |
| 942 | _cEB | ||
| 999 |
_c239588 _d239588 |
||